Doing quantitative psychological research : from design to report /

Bibliographic Details
Main Author: Clark-Carter, David
Format: Book
Language:English
Published: Hove, East Sussex : Psychology Press, [1997]
Subjects:

MARC

Tag First Indicator Second Indicator Subfields
LEADER 00000cam a2200000 a 4500
001 in00001409995
005 20151020060825.0
008 971017s1997 enka b 001 0 eng d
010 |a gb 97067801  
015 |a GB97-67801 
020 |a 0863777899 (pbk) 
020 |a 0863777880 (cased) 
035 |a (OCoLC)37827667 
035 |9 AHN7952AM 
040 |a UKM  |c UKM  |d EYE  |d JNA  |d TXA  |d UtOrBLW 
049 |a TXAM 
090 |a BF76.5  |b .C53 1997 
100 1 |a Clark-Carter, David. 
245 1 0 |a Doing quantitative psychological research :  |b from design to report /  |c David Clark-Carter. 
264 1 |a Hove, East Sussex :  |b Psychology Press,  |c [1997] 
264 4 |c ©1997 
300 |a xxii, 666 pages :  |b illustrations ;  |c 24 cm. 
336 |a text  |b txt  |2 rdacontent 
337 |a unmediated  |b n  |2 rdamedia 
338 |a volume  |b nc  |2 rdacarrier 
504 |a Includes bibliographical references and indexes. 
650 0 |a Psychology  |x Research. 
650 0 |a Psychology  |x Methodology. 
948 |a c:cer 
999 |a MARS 
999 f f |s 78da1d40-8e42-314d-8129-50118e75a737  |i f02c6316-f9ad-3700-a4bd-f643ea525c0f  |t 0 
952 f f |p normal  |a Texas A&M University  |b College Station  |c Sterling C. Evans Library  |d Evans: Library Stacks  |t 0  |e BF76.5 .C53 1997  |h Library of Congress classification  |i unmediated -- volume  |m A14822471622 
998 f f |a BF76.5 .C53 1997  |t 0  |l Evans: Library Stacks